Silver jubilee souvenir volume. (Record no. 81498)

MARC details
000 -LEADER
fixed length control field 00577cam a22002171 4500
001 - CONTROL NUMBER
control field sa 68006744
003 - CONTROL NUMBER IDENTIFIER
control field DLC
005 - DATE AND TIME OF LATEST TRANSACTION
control field 20260227112518.0
008 - FIXED-LENGTH DATA ELEMENTS--GENERAL INFORMATION
fixed length control field 711108s1963 ii 000 0 eng
010 ## - LIBRARY OF CONGRESS CONTROL NUMBER
LC control number sa 68006744
025 ## - OVERSEAS ACQUISITION NUMBER
Overseas acquisition number PL480:I-E-4166
040 ## - CATALOGING SOURCE
Original cataloging agency DLC
Transcribing agency DLC
Modifying agency DLC
043 ## - GEOGRAPHIC AREA CODE
Geographic area code a-ii---
050 00 - LIBRARY OF CONGRESS CALL NUMBER
Classification number DS401
Item number .I376
110 2# - MAIN ENTRY--CORPORATE NAME
Corporate name or jurisdiction name as entry element Indian History Congress.
245 10 - TITLE STATEMENT
Title Silver jubilee souvenir volume.
Statement of responsibility, etc. Edited by S. P. Sen.
260 ## - PUBLICATION, DISTRIBUTION, ETC.
Place of publication, distribution, etc. Calcutta,
Date of publication, distribution, etc. 1963.
300 ## - PHYSICAL DESCRIPTION
Extent 267 p.
Dimensions 25 cm.
651 #0 - SUBJECT ADDED ENTRY--GEOGRAPHIC NAME
Geographic name India
General subdivision History
-- Congresses.
700 1# - ADDED ENTRY--PERSONAL NAME
Personal name Sen, Siba Pada,
Relator term ed.

No items available.

Powered by Koha